000
00366nam a2200145Ia 4500
008
231129s2008||||xx |||||||||||||| ||spa||
020
_a
978-958-8294-34-6
040
_b
spa
082
_a
920.71 C198t
100
_a
Campos Juan
245
0
_a
Todo por un cigarrillo
260
_c
2008
264
_a
Ediciones B
942
_2
ddc
_c
BKS
999
_c
25461
_d
25461